[Event "Pinneberg-ch"]
[Site "Pinneberg"]
[Date "2018.08.16"]
[Round "1"]
[White "Van Riesen, Klaus"]
[Black "Baldauf, Uwe"]
[Result "1-0"]
[WhiteElo "1942"]
[BlackElo "1495"]
[PlyCount "59"]
[EventDate "2018.08.16"]
[EventType "swiss"]
[EventRounds "7"]
[EventCountry "GER"]
[SourceTitle "EXT 2019"]
[Source "ChessBase"]
[SourceDate "2018.10.10"]
[SourceVersion "1"]
[SourceVersionDate "2018.10.10"]
[SourceQuality "1"]

1. Nf3 Nf6 2. g3 g6 3. Bg2 Bg7 4. 0-0 0-0 5. c4 c5 6. Nc3 Nc6 7. d4 cxd4 8. Nxd4 Qc7 9. Nc2 d6 10. b3 Bd7 11. Bb2 a6 12. Rc1 Rac8 13. Ne3 e6 14. Qd2 Rfd8 15. Rfd1 Be8 16. Ne4 Nxe4 17. Bxe4 f6 18. Bg2 Ne5 19. Bh3 f5 20. f4 Nf7 21. Bxg7 Kxg7 22. Bg2 Bc6 23. Qd4+ e5 24. Qb2 Qb6 25. c5 dxc5 26. Nc4 Qa7 27. fxe5 Kg8 28. e6 Ng5 29. Qf6 b5 30. Rxd8+ 1-0

[Event "Pinneberg-ch"]
[Site "Pinneberg"]
[Date "2017.10.05"]
[Round "5"]
[White "Hotze, Kurt"]
[Black "Baldauf, Uwe"]
[Result "1-0"]
[WhiteElo "1530"]
[BlackElo "1700"]
[PlyCount "59"]
[EventDate "2017.09.07"]
[EventType "swiss"]
[EventRounds "7"]
[EventCountry "GER"]
[SourceTitle "EXT 2019"]
[Source "ChessBase"]
[SourceDate "2018.10.10"]
[SourceVersion "1"]
[SourceVersionDate "2018.10.10"]
[SourceQuality "1"]

1. Nf3 Nf6 2. c4 g6 3. b4 Bg7 4. Bb2 d6 5. e3 0-0 6. Be2 e5 7. d4 exd4 8. exd4 Nc6 9. b5 Ne7 10. 0-0 Nd7 11. Qc2 f5 12. Nbd2 Nf6 13. d5 b6 14. Nd4 h5 15. N2f3 Bh6 16. Bc1 f4 17. Nh4 Qe8 18. Bd3 Kg7 19. Re1 Qf7 20. Bb2 Re8 21. Ne6+ Bxe6 22. dxe6 Qf8 23. Bxg6 Rec8 24. Bxh5 c6 25. Ng6 Qe8 26. Nxe7 Qxh5 27. Nf5+ Kh7 28. Bxf6 Bg5 29. Nxd6+ Kh6 30. Nf7+ 1-0

[Event "Pinneberg-ch"]
[Site "Pinneberg"]
[Date "2017.09.21"]
[Round "3"]
[White "Holzhausen, Joerg"]
[Black "Baldauf, Uwe"]
[Result "1-0"]
[WhiteElo "1536"]
[BlackElo "1700"]
[PlyCount "79"]
[EventDate "2017.09.07"]
[EventType "swiss"]
[EventRounds "7"]
[EventCountry "GER"]
[SourceTitle "EXT 2019"]
[Source "ChessBase"]
[SourceDate "2018.10.10"]
[SourceVersion "1"]
[SourceVersionDate "2018.10.10"]
[SourceQuality "1"]

1. e4 c5 2. c3 d5 3. exd5 Qxd5 4. d4 Nc6 5. Nf3 Bg4 6. dxc5 Qxd1+ 7. Kxd1 Nf6 8. b4 e5 9. Nbd2 e4 10. h3 Bh5 11. g4 Nxg4 12. hxg4 Bxg4 13. Bh3 Bxf3+ 14. Nxf3 exf3 15. Re1+ Be7 16. Bg4 0-0 17. b5 Bf6 18. bxc6 Bxc3 19. cxb7 Rad8+ 20. Kc2 Bxe1 21. c6 Ba5 22. Be3 Rfe8 23. Bxf3 Bc7 24. Bxa7 g6 25. a4 Ba5 26. Be3 h5 27. Bf4 Rb8 28. Rb1 Rec8 29. bxc8Q+ Rxc8 30. Rb8 Rxb8 31. Bxb8 h4 32. c7 Bxc7 33. Bxc7 Kg7 34. a5 g5 35. a6 f5 36. a7 g4 37. Bd5 h3 38. a8Q Kf6 39. Qf8+ Kg6 40. Bf4 1-0

[Event "Hamburg-ch Seniors 23rd"]
[Site "Hamburg"]
[Date "2016.11.03"]
[Round "2"]
[White "Okrajek, Alexander"]
[Black "Baldauf, Uwe"]
[Result "1-0"]
[WhiteElo "2230"]
[BlackElo "1678"]
[PlyCount "61"]
[EventDate "2016.11.02"]
[EventType "swiss"]
[EventRounds "9"]
[EventCountry "GER"]
[SourceTitle "EXT 2019"]
[Source "ChessBase"]
[SourceDate "2018.10.10"]
[SourceVersion "1"]
[SourceVersionDate "2018.10.10"]
[SourceQuality "1"]

1. Nf3 Nf6 2. c4 g6 3. b4 Bg7 4. Bb2 a6 5. e3 d6 6. Be2 0-0 7. 0-0 Ne8 8. Bxg7 Nxg7 9. d4 Nd7 10. Nc3 e5 11. dxe5 Nxe5 12. Nxe5 dxe5 13. Qxd8 Rxd8 14. Nd5 Ne6 15. Rad1 Kg7 16. f4 exf4 17. exf4 f5 18. g4 b6 19. gxf5 gxf5 20. Bf3 Bb7 21. Nxc7 Rxd1 22. Nxe6+ Kf6 23. Rxd1 Bxf3 24. Rd6 Ke7 25. Rxb6 a5 26. Nd4 Be4 27. b5 Rg8+ 28. Kf1 Rg2 29. Re6+ Kd7 30. Rxe4 fxe4 31. Kxg2 1-0

[Event "Pinneberg op Seniors 15th"]
[Site "Pinneberg"]
[Date "2014.??.??"]
[Round "7"]
[White "Ziehm, Holger"]
[Black "Baldauf, Uwe"]
[Result "1-0"]
[WhiteElo "1513"]
[BlackElo "1678"]
[PlyCount "61"]
[EventDate "2014.07.03"]
[EventType "swiss"]
[EventRounds "7"]
[EventCountry "GER"]
[SourceTitle "EXT 2017"]
[Source "ChessBase"]
[SourceDate "2016.10.25"]
[SourceVersion "1"]
[SourceVersionDate "2016.10.25"]
[SourceQuality "1"]

1. e4 c5 2. Nc3 Nc6 3. g3 g6 4. Bg2 Bg7 5. d3 d6 6. Nge2 Rb8 7. a4 a6 8. 0-0 b5 9. axb5 axb5 10. f4 Nd4 11. Kh1 b4 12. Nxd4 Bxd4 13. Ne2 Bg7 14. Rb1 e6 15. Bd2 Ba6 16. c4 Ne7 17. Qa4+ Bb5 18. cxb5 0-0 19. Qb3 Qb6 20. g4 Qxb5 21. f5 gxf5 22. gxf5 exf5 23. exf5 Bf6 24. Bh6 Rfe8 25. Rg1 Kh8 26. Qxf7 Ng8 27. Be4 Re7 28. Rxg8+ Rxg8 29. Qxf6+ Reg7 30. Bxg7+ Rxg7 31. Rg1 1-0